书目信息 |
| 题名: |
理解与解释
|
|
| 作者: | 洪汉鼎 主编 | |
| 分册: | ||
| 出版信息: | 北京 东方出版社 2001 |
|
| 页数: | 27, 676页 | |
| 开本: | 21cm | |
| 丛书名: | ||
| 单 册: | ||
| 中图分类: | B089.2 | |
| 科图分类: | ||
| 主题词: | 解释--jie shi--哲学理论--文集 , 哲学学派--研究 | |
| 电子资源: | ||
| ISBN: | 7-5060-1343-6 | |
| 000 | 00797nam0 2200265 45 | |
| 001 | CAL 012001394313 | |
| 005 | 20031219104054.6 | |
| 010 | @a7-5060-1343-6@dCNY38.00 | |
| 100 | @a20011017d2001 em y0chiy0121 ea | |
| 101 | 1 | @achi@cmul |
| 102 | @aCN@b110000 | |
| 105 | @ay a 000yy | |
| 106 | @ar | |
| 200 | 1 | @a理解与解释@Ali jie yu jie shi@e诠释学经典文选@f洪汉鼎主编 |
| 210 | @a北京@c东方出版社@d2001 | |
| 215 | @a27, 676页@d21cm | |
| 320 | @a有书目 (第613-676页)。 | |
| 517 | 1 | @a诠释学经典文选@Aquan shi xue jing dian wen xuan |
| 606 | 0 | @a解释@Ajie shi@x哲学理论@j文集 |
| 606 | 0 | @a哲学学派@x研究 |
| 610 | 0 | @a哲学解释学@Azhe xue jie shi xue |
| 690 | @aB089.2@v4 | |
| 701 | 0 | @a洪汉鼎@Ahong han ding@4主编 |
| 801 | @aCN@bTSTC@c20020416 | |
| 905 | @b308249-251@dB089.2@e19@f3 | |
| 理解与解释:诠释学经典文选/洪汉鼎主编.-北京:东方出版社,2001 |
| 27, 676页;21cm |
| ISBN 7-5060-1343-6:CNY38.00 |
| ● |
| 相关链接 |
|
|
|
|
正题名:理解与解释
索取号:B089.2/19
 
预约/预借
| 序号 | 登录号 | 条形码 | 馆藏地/架位号 | 状态 | 备注 |
| 1 | 0308249 | 203082494 | 密集书库/ [索取号:B089.2/19] | 在馆 | |
| 2 | 0308250 | 203082500 | 第一借阅区/ [索取号:B089.2/19] | 在馆 | |
| 3 | 0308251 | 203082519 | 第一样本阅览室/ [索取号:B089.2/19] | 在馆 | |
| 4 | 0322867 | 203228676 | 第一借阅区/ [索取号:B089.2/19] | 在馆 | |
| 5 | 0322868 | 203228685 | 第一借阅区/ [索取号:B089.2/19] | 在馆 |